000 01116nam a2200301Ia 4500
001 37928
003 IT-RoPAU
008 130308s9999 xx 000 0 und d
040 _aIT-RoPAU
040 _cIT-RoPAU
041 _aFRANCESE
100 _aTimbal-Duclaux Louis
100 _gCodice Aut. SPICS: 15246
245 _aEcriture creative (L')-Cinq techniques pour liberer l'inspiration, produire des idees, pour communiquer avec efficacitè
245 _bEcriture creative (L')-Cinq Techniques pour liberer L'Inspiration, produire des Idees, pour communiquer Avec Efficacite'
250 _a1a ed.
260 _aPARIS
260 _bRetz
260 _c1986 [1° Ed.:1986 - Ed.Ling.Originale:1986]
300 _a"176 p. (prefazione: no ; testo: 176)"
500 _aScrittura creativa cinque Tecniche per Liberare L'Ispiirazione produrre Idee e comunicare con Efficacia Spiegare e Capire cinque Metodi creativi Come Lavorano gli Scrittori
650 _aPEDAGOGIA DELLA COMUNICAZIONE SOCIALE
650 _eCodice materia Spics: 3804
942 _cBK
957 _71
999 _c67301
_d67301
999 _bSI
999 _g1